000 01817cam a22004574i 4500
003 PE-LiUPU
005 20250731184548.0
008 150616s r 000 0 d
035 _a(Sirsi) a3236
040 _aPE-LiUPU
_bspa
_cPE-LiUPU
_erda
049 _aPRUA
082 0 4 _a922
_bD37
_221
100 1 _aLeonard, Delavan L.
_d1834-1917,
_eautor.
245 1 2 _aA hundred years of missions /
_cDelavan L. Leonard.
264 1 _aNew York :
_bFunk & Wagnalls Company,
_c1909.
300 _a448 páginas ;
_c20 cm.
336 _atext
_2rdacontent
337 _aunmediated
_2rdamedia
338 _avolume
_2rdacarrier
505 0 _aThe Christian idea of missions -- Missions in the early Centuries -- Conversion of northern and western Europe -- The non-missionary centuries -- Reformation and discovery of América -- Roman catholic missions -- Preparation for foreign missions -- Protestant missions before carey -- The carey epoch -- The great missionary revival -- Genesis of missions in America -- The phenomenon of missionary expansion.
526 _aP136
526 _aP135
526 _aP134
526 _aP133
526 _aP144
526 _aP143
526 _aP87
526 _aP35
526 _aP20
526 _aP14
526 _aP10
526 _aP06
650 0 4 _aMisiones
_xHistoria.
_91571
910 _ajck
_bjvq
_cjck
942 _2ddc
_cBOOK
949 _a922 D37
_wDEWEY
_c1
_i00909
_lCCODEBUL1
_mBUL
_p00.00
_r0
_sY
_tBOOK
_u2015-04-23
_xTEOLOGIA
_zUNKNOWN
_0COMPRA
_o.STAFF. Colección General
994 _aC0
_bPEPRU
596 _a1
999 _a922 D37
_wDEWEY
_c40003
_i00909
_f2021-11-12
_g5
_lCCODEBUL1
_mBUL
_r0
_sY
_tBOOK
_u2015-4-23
_xTEOLOGIA
_zUNKNOWN
_0COMPRA
_o.STAFF. Colección General
_d40003
980 _81
_gALBERTO SANCHEZ Responsable de Automatización